América Latina : historia de medio siglo : México, Centroamérica y el Caribe /

Guardado en:
Detalles Bibliográficos
Autor principal: González Casanova, Pablo (coord.)
Formato: Libro
Idioma:Español
Publicado: México : Siglo XXI, 1988, c1981
Edición:5a edición
Temas:
Etiquetas: Agrega una etiqueta
Sin etiquetas, Sé el primero en etiquetar este registro!

MARC

LEADER 00000nam^a2200000^a^4500
001 000036978
005 20250521000000.0
009 20260526114604.632
020 |a 968-23-0948-4 
020 |a 968-23-0279-X 
037 |a Acervo ITESO - Biblioteca 
041 |a ESP 
082 |a 980. 033  |b GON V. 2 
100 |a González Casanova, Pablo  |e (coord.) 
240 1 1 |a [América Latina: historia de medio siglo] 
245 1 0 |a América Latina :  |b historia de medio siglo : México, Centroamérica y el Caribe /  |c Coord. de P. González Casanova. 
250 |a 5a edición 
264 4 |a México :  |b Siglo XXI,  |c 1988, c1981 
300 |a 508 p. 
336 |a texto  |b txt  |2 rdacontenido 
337 |a sin mediación  |b n  |2 rdamedio 
338 |a volumen  |b nc  |2 rdasoporte 
649 |a XX 
650 |a Clases Sociales -  |z America Central 
650 |a Clases Sociales -  |z Caribe, El 
650 |a Movimientos Sociales -  |z America Central 
650 |a Movimientos Sociales -  |z Caribe, El 
650 |a Socialismo -  |z America Central 
650 |a Socialismo -  |z Caribe, El 
650 |a Dictadura -  |z America Central 
650 |a Dictadura -  |z Caribe, El 
650 |a Intervención Política -  |z EUA 
650 |a Imperialismo -  |z América Central 
650 |a Imperialismo  |z Caribe, El 
650 |a Desarrollo Económico-Social -  |z México 
650 |a Crisis Económica -  |z México 
650 |a Cardenismo 
650 |a Política -  |z México -  |x Historia -  |y Siglo XX 
650 |a Política -  |z América Central -  |x Historia -  |y Siglo XX 
650 |a Política -  |z Caribe, El -  |x Historia -  |y Siglo XX 
650 |a México -  |x Historia -  |y Siglo XX 
650 |a América Central -  |x Historia -  |y Siglo XX 
650 |a Caribe, El -  |x Historia -  |y Siglo XX 
650 |a Latinoamérica -  |x Historia -  |y Siglo XX 
910 |a Fondo General 
920 |a Impresos - Libros 
930 |a Colección General 
905 |a 101 
901 |a 0369780100  |b IT1  |c ACC  |i 036978  |u 20250521 
902 |a https://opac.biblio.iteso.mx/vufind/Record/000036978